An encyclopedia of architecture historical, theoretical and practical
Պահպանված է:
| Հիմնական հեղինակ: | |
|---|---|
| Ձևաչափ: | Գիրք |
| Լեզու: | անգլերեն |
| Հրապարակվել է: |
Cambridge University Press
2014
|
| Ցուցիչներ: |
Ավելացրեք ցուցիչ
Չկան պիտակներ, Եղեք առաջինը, ով նշում է այս գրառումը!
|
MARC
| LEADER | 00000nam a22000007a 4500 | ||
|---|---|---|---|
| 008 | 211230b ||||| |||| 00| 0 eng d | ||
| 020 | |a 9781108070591 | ||
| 100 | |a GWILT, Joseph | ||
| 245 | |a An encyclopedia of architecture |b historical, theoretical and practical |c Josph Gwilt |e Cambridge library collection |g ix, 1089p;ill | ||
| 260 | |b Cambridge University Press |c 2014 |h London |i 699333 |i 699334 |l NA2520.G99 |m Architecture |m Architecture-Registers | ||
| 500 | |a it includes index | ||
| 942 | |a lcc |c BK |e Johnson |f 30/12/21 | ||
| 952 | |0 0 |1 0 |2 lcc |4 0 |6 NA2520 G99 |7 0 |9 4027 |a EDM |b HOL |c LP |d 2021-12-30 |l 0 |o NA2520.G99 |p 2021-67751 |r 2021-12-30 00:00:00 |t 699333 |w 2021-12-30 |y BK | ||
| 952 | |0 0 |1 0 |2 lcc |4 0 |6 NA2520 G99 |7 0 |9 4028 |a HOL |b HOL |c LP |d 2021-12-30 |l 0 |o NA2520.G99 |p 2021-67752 |r 2021-12-30 00:00:00 |t 699334 |w 2021-12-30 |y BK | ||
| 999 | |c 2024 |d 2024 | ||